[Event "Llinars del Valles Tardor op 6th"]
[Site "Llinars del Valles"]
[Date "2014.11.21"]
[Round "7"]
[White "Lucena Perianez, Jordi"]
[Black "Garcia Palomeras, Moises"]
[Result "0-1"]
[WhiteElo "1822"]
[BlackElo "1873"]
[PlyCount "94"]
[EventDate "2014.10.03"]
[EventType "swiss"]
[EventRounds "8"]
[EventCountry "ESP"]
[SourceTitle "CBM 163 Extra"]
[Source "ChessBase"]
[SourceDate "2014.12.23"]
[SourceVersion "1"]
[SourceVersionDate "2014.12.23"]
[SourceQuality "1"]

1. d4 Nf6 2. c4 c6 3. Nc3 d5 4. e3 Bf5 5. Nf3 h6 6. Qb3 Qb6 7. Na4 Qxb3 8. axb3 Na6 9. Bd2 e6 10. c5 Nc7 11. Nc3 Nd7 12. b4 g5 13. h3 Bg7 14. b5 e5 15. b6 axb6 16. Rxa8+ Nxa8 17. b4 b5 18. Be2 Ke7 19. 0-0 Nc7 20. Nd1 Ra8 21. Nb2 Be4 22. Bc3 Ra3 23. Rc1 exd4 24. Nxd4 Ne6 25. f3 Bg6 26. Kf2 Ne5 27. Nd1 Nd3+ 28. Bxd3 Bxd3 29. Nxe6 Bxc3 30. Rxc3 Rxc3 31. Nxc3 Kxe6 32. f4 gxf4 33. exf4 Kf5 34. Ke3 Bc4 35. g4+ Kf6 36. Nd1 Ke6 37. Nf2 f5 38. g5 hxg5 39. fxg5 Ba2 40. Kf4 Bb1 41. h4 d4 42. h5 Kf7 43. Ke5 d3 44. Kxf5 d2+ 45. Ke5 Bc2 46. h6 Kg6 47. h7 Kxh7 0-1

[Event "Llinars del Valles op-B 8th"]
[Site "Llinars del Valles"]
[Date "2014.06.14"]
[Round "7"]
[White "Garcia Payas, Alex"]
[Black "Garcia Palomeras, Moises"]
[Result "0-1"]
[WhiteElo "1928"]
[BlackElo "1834"]
[PlyCount "104"]
[EventDate "2014.04.26"]
[EventType "swiss"]
[EventRounds "8"]
[EventCountry "ESP"]
[SourceTitle "EXT 2015"]
[Source "ChessBase"]
[SourceDate "2014.11.20"]
[SourceVersion "1"]
[SourceVersionDate "2014.11.20"]
[SourceQuality "1"]

1. e4 e5 2. Nf3 d6 3. d4 exd4 4. Nxd4 Nf6 5. Nc3 a6 6. Be2 g6 7. Bg5 Bg7 8. 0-0 0-0 9. Qd2 Re8 10. f3 Nbd7 11. Rad1 Nc5 12. Qe1 h6 13. Bxf6 Bxf6 14. Nd5 Bg7 15. c3 Re5 16. Ne3 Bd7 17. Nc4 Re8 18. Rd2 Qe7 19. Qf2 Be6 20. b3 Rad8 21. Na5 Rb8 22. Rfd1 h5 23. Bc4 g5 24. Bxe6 fxe6 25. Qg3 Be5 26. Qh3 Bf4 27. Re2 h4 28. Qg4 Nd7 29. g3 Nf6 30. Qh3 hxg3 31. hxg3 Be5 32. Kg2 Kf7 33. Nac6 bxc6 34. Nxc6 Qf8 35. Nxb8 Rxb8 36. c4 Qg7 37. Rh1 g4 38. fxg4 Qxg4 39. Qxg4 Nxg4 40. Rh7+ Bg7 41. Kh3 Nh6 42. Rxg7+ Kxg7 43. e5 Kf7 44. g4 Rh8 45. exd6 cxd6 46. Kg3 e5 47. b4 Rg8 48. Re4 Nf5+ 49. Kf2 Nd4 50. c5 Ke6 51. cxd6 Kxd6 52. Kg3 Kd5 0-1

[Event "Roncana op-B 7th"]
[Site "Santa Eulalia de Roncana"]
[Date "2013.11.09"]
[Round "5"]
[White "Arcusa Postils, Eduard"]
[Black "Garcia Palomeras, Moises"]
[Result "1-0"]
[WhiteElo "1620"]
[BlackElo "1497"]
[PlyCount "82"]
[EventDate "2013.10.05"]
[EventType "swiss"]
[EventRounds "8"]
[EventCountry "ESP"]
[SourceTitle "EXT 2015"]
[Source "ChessBase"]
[SourceDate "2014.11.20"]
[SourceVersion "1"]
[SourceVersionDate "2014.11.20"]
[SourceQuality "1"]

1. e4 e6 2. d4 d5 3. e5 Nc6 4. Nf3 Qd7 5. a3 Be7 6. Bd3 h6 7. Qe2 g5 8. Be3 b6 9. Nfd2 Bb7 10. Nc3 Bf8 11. Qh5 Bg7 12. Ne2 0-0-0 13. c3 f5 14. f4 Rf8 15. fxg5 hxg5 16. Qxg5 Bh6 17. Qg3 Qg7 18. Qxg7 Bxg7 19. Nf4 Re8 20. 0-0-0 Kb8 21. h4 Nh6 22. Be2 Bc8 23. Ng6 Rhg8 24. Bh5 Ng4 25. Bxg4 fxg4 26. h5 Ne7 27. Nxe7 Rxe7 28. Rdf1 Ba6 29. Rf2 Bd3 30. Nf1 Rf8 31. Rxf8+ Bxf8 32. Ng3 Rf7 33. Kd2 Bc4 34. Rh4 c5 35. Rxg4 cxd4 36. cxd4 Rc7 37. Rg8 Rc8 38. Rg6 Bb3 39. Rxe6 Rc2+ 40. Ke1 Rxg2 41. Bf2 Kb7 1-0

[Event "Llinars del Valles op 5th"]
[Site "Llinars del Valles"]
[Date "2013.10.11"]
[Round "2"]
[White "Garcia Palomeras, Moises"]
[Black "Bonals Roca, Anna"]
[Result "1-0"]
[WhiteElo "1808"]
[BlackElo "1700"]
[PlyCount "21"]
[EventDate "2013.10.04"]
[EventType "swiss"]
[EventRounds "8"]
[EventCountry "ESP"]
[SourceTitle "CBM 157 Extra"]
[Source "ChessBase"]
[SourceDate "2013.12.19"]
[SourceVersion "1"]
[SourceVersionDate "2013.12.19"]
[SourceQuality "1"]

1. e4 e6 2. Nf3 Nf6 3. e5 Ng4 4. c3 Bc5 5. d4 Bb6 6. Bd3 0-0 7. Ng5 f5 8. h3 Nxf2 9. Kxf2 Nc6 10. Qh5 d6 11. Qxh7# 1-0